Educación extraescolar: orientaciones para la programación operativa 1992

Bewaard in:
Bibliografische gegevens
Coauteur: Departamento de Educación Extraescolar (Auteur)
Formaat: Boek
Taal:Spaans
Gepubliceerd in: Santiago Ministerio de Educación 1992
Onderwerpen:
Tags: Voeg label toe
Geen labels, Wees de eerste die dit record labelt!

MARC

LEADER 00000nam a2200000 a 4500
001 UCW7667
003 CL-VaPUC
008 930621e19920000CL |||||||||||||||||spa|d
082 0 4 |a 371.89  |b DEP  |2 21 
110 2 |a Departamento de Educación Extraescolar  |e author  |9 312877 
245 1 0 |a Educación extraescolar: orientaciones para la programación operativa 1992 
300 |a 16 p 
942 |c BK 
945 |d 19930621 00:00:00 
260 |a Santiago  |b Ministerio de Educación  |c 1992 
650 7 |a EDUCACION EXTRAESCOLAR  |2 CL-VaPUC  |9 311165 
651 7 |a CHILE  |2 CL-VaPUC  |9 312878 
583 |a last modification  |c 19930621 00:00:00  |k Rodrigo Vera 
999 |c 220359  |d 220357